Wszystkie utwory Paktofoniki - Statystyki

Ogólne statystyki
  • Ten quiz został rozwiązany 868 razy
  • Średni wynik to 16 z 31
Statystyki odpowiedzi
Nazwa Płyty Nazwa Utworu % Poprawnych
Kinematografia Jestem Bogiem
97%
Kinematografia Chwile Ulotne
84%
Kinematografia Ja To Ja
81%
Kinematografia Priorytety
79%
Kinematografia Nowiny
75%
Kinematografia Gdyby...
74%
Kinematografia Nie Ma Mnie Dla Nikogo
71%
Kinematografia Powierzchnie Tnące
67%
Kinematografia Rób Co Chcesz
63%
Kinematografia Na mocy Paktu
61%
Archiwum Kinematografii Na Mocy Paktu
61%
Kinematografia WC
60%
Kinematografia 2 Kilo
57%
Archiwum Kinematografii Ja To Ja 2 (Dokuadnie Tak!)
57%
Kinematografia Popatrz (Uliczny Reportaż Z Dworca)
53%
Archiwum Kinematografii Mechaniczna Pomarańcza
50%
Kinematografia Lepiej Być Nie Może
47%
Kinematografia W Moich Kręgach
47%
Kinematografia ToNieMy
46%
Archiwum Kinematografii C.D. Kinematografii
41%
Archiwum Kinematografii Tak Jak Telewizor
41%
Archiwum Kinematografii W Peunej Gotowości
40%
Archiwum Kinematografii Znikam
40%
Archiwum Kinematografii A Robi Się To Tak
37%
Archiwum Kinematografii Dla Pewnego Swego
33%
Archiwum Kinematografii Wielka Gra
32%
Archiwum Kinematografii Play + Rec
30%
Archiwum Kinematografii 'Le Się Zmahauem
27%
Archiwum Kinematografii Aż Strach Pomyśleć
26%
Archiwum Kinematografii Wielkie Dzięki
25%
Archiwum Kinematografii Dejot Rusza Czarne Puyty
24%
Nie znaleziono quizów pasujących do podanych kryteriów
Rozkład punktacji
Procent ludzi z każdym wynikiem
Percentyl według liczby udzielonych odpowiedzi
Twoja historia wyników
Nie rozwiązałeś tego quizu